Flags of Countries who Boycotted the 1980 Olympics - Statistics

General Stats
  • This quiz has been taken 85 times
  • The average score is 49 of 66
Answer Stats
Picture Answer % Correct
United States
100%
Argentina
97%
Albania
95%
Bangladesh
90%
Barbados
90%
Canada
90%
Fiji
90%
Bahamas
89%
Bahrain
89%
China
89%
Belize
85%
Chile
85%
Egypt
85%
Japan
85%
Chad
84%
El Salvador
84%
Iran
84%
Israel
84%
Kenya
84%
Pakistan
84%
Honduras
82%
Norway
82%
Turkey
82%
Bolivia
80%
Saudi Arabia
80%
South Korea
80%
Central African Republic
79%
Malaysia
79%
West Germany
79%
Panama
77%
Papua New Guinea
77%
Uruguay
77%
Haiti
75%
Morocco
75%
Qatar
75%
Singapore
75%
Ivory Coast
74%
Liberia
74%
Liechtenstein
74%
Monaco
74%
Niger
74%
Somalia
74%
Antigua and Barbuda
72%
Ghana
72%
Indonesia
70%
Paraguay
70%
Philippines
70%
Tunisia
70%
Malawi
67%
Thailand
67%
Gambia
64%
Mauritania
64%
Mauritius
64%
United Arab Emirates
64%
Eswatini
62%
Sudan
62%
Gabon
61%
Suriname
61%
Togo
59%
Virgin Islands
59%
Bermuda
56%
Zaire
52%
Chinese Taipei
51%
Cayman Islands
38%
Hong Kong
33%
Netherlands Antilles
28%
No matching quizzes found
Score Distribution
Percent of People with Each Score
Percentile by Number Answered
Your Score History
You have not taken this quiz